header

Introduction to numerical electrostatics using MATLAB / (Record no. 94939)

MARC details
000 -LEADER
fixed length control field 02260nam a2200385 i 4500
001 - CONTROL NUMBER
control field ebr10839249
003 - CONTROL NUMBER IDENTIFIER
control field CaPaEBR
006 - FIXED-LENGTH DATA ELEMENTS--ADDITIONAL MATERIAL CHARACTERISTICS--GENERAL INFORMATION
fixed length control field m o d
007 - PHYSICAL DESCRIPTION FIXED FIELD--GENERAL INFORMATION
fixed length control field cr cn|||||||||
008 - FIXED-LENGTH DATA ELEMENTS--GENERAL INFORMATION
fixed length control field 130621t20142014njuad o 001 0 eng|d
020 ## - INTERNATIONAL STANDARD BOOK NUMBER
Cancelled/invalid ISBN 9781118449745 (hardback)
International Standard Book Number 9781118755716 (e-book)
040 ## - CATALOGING SOURCE
Original cataloging agency CaPaEBR
Language of cataloging eng
Description conventions rda
-- pn
Transcribing agency CaPaEBR
035 ## - SYSTEM CONTROL NUMBER
System control number (OCoLC)849822746
050 14 - LIBRARY OF CONGRESS CALL NUMBER
Classification number QC760.54
Item number .D86 2014eb
082 04 - DEWEY DECIMAL CLASSIFICATION NUMBER
Classification number 537/.20151
Edition number 23
100 1# - MAIN ENTRY--PERSONAL NAME
Personal name Dworsky, Lawrence N.,
Dates associated with a name 1943-
245 10 - TITLE STATEMENT
Title Introduction to numerical electrostatics using MATLAB /
Statement of responsibility, etc Lawrence N. Dworsky.
264 #1 - PRODUCTION, PUBLICATION, DISTRIBUTION, MANUFACTURE, AND COPYRIGHT NOTICE
Place of production, publication, distribution, manufacture Hoboken, New Jersey :
Name of producer, publisher, distributor, manufacturer John Wiley & Sons Inc.,
Date of production, publication, distribution, manufacture, or copyright notice [2014]
Date of production, publication, distribution, manufacture, or copyright notice �2014
300 ## - PHYSICAL DESCRIPTION
Extent 1 online resource (454 pages) :
Other physical details illustrations (some color)
336 ## - CONTENT TYPE
Content type term text
Source rdacontent
337 ## - MEDIA TYPE
Media type term computer
Source rdamedia
338 ## - CARRIER TYPE
Carrier type term online resource
Source rdacarrier
500 ## - GENERAL NOTE
General note Includes index.
520 ## - SUMMARY, ETC.
Summary, etc "The first of its kind uniquely devoted to the field of computational electrostatics, this book dives headfirst into the actual problems that engineers are expected to solve using method of moment (MoM), finite difference, and finite element techniques. Readers are guided step by step through specific problems and challenges, covering all aspects of electrostatics with an emphasis on numerical procedures. Focusing on practical examples, mathematical equations, and common issues with algorithms, this is an ideal text for students in engineering, physics, and electrostatics--and working engineers and physicists"--
Assigning source Provided by publisher.
588 ## - SOURCE OF DESCRIPTION NOTE
Source of description note Description based on print version record.
590 ## - LOCAL NOTE (RLIN)
Local note Electronic reproduction. Palo Alto, Calif. : ebrary, 2015. Available via World Wide Web. Access may be limited to ebrary affiliated libraries.
650 #0 - SUBJECT ADDED ENTRY--TOPICAL TERM
Topical term or geographic name as entry element Electromagnetism
General subdivision Data processing.
Topical term or geographic name as entry element Electrostatics
General subdivision Data processing.
655 #0 - INDEX TERM--GENRE/FORM
Genre/form data or focus term Electronic books.
776 08 - ADDITIONAL PHYSICAL FORM ENTRY
Display text Print version:
Main entry heading Dworsky, Lawrence N.
Title Introduction to numerical electrostatics using MATLAB.
Place, publisher, and date of publication Hoboken, New Jersey : John Wiley & Sons Inc., [2014]
International Standard Book Number 9781118449745
Record control number (DLC)10839249
797 2# - LOCAL ADDED ENTRY--CORPORATE NAME (RLIN)
Corporate name or jurisdiction name as entry element ebrary.
856 40 - ELECTRONIC LOCATION AND ACCESS
Uniform Resource Identifier <a href="http://site.ebrary.com/lib/rucke/Doc?id=10839249">http://site.ebrary.com/lib/rucke/Doc?id=10839249</a>
Public note An electronic book accessible through the World Wide Web; click to view

No items available.

© 2026 Rongo University
Contact us: librarian | system librarian | Rongo university